All Mob Spawners in Survival - Statistics

General Stats
  • This quiz has been taken 7 times
  • The average score is 6 of 8
Answer Stats
Answer % Correct
Skeleton
100%
Spider
100%
Zombie
100%
Cave Spider
80%
Pig
80%
Blaze
60%
Magma Cube
60%
Silverfish
40%
No matching quizzes found
Score Distribution
Percent of People with Each Score
Percentile by Number Answered
Your Score History
You have not taken this quiz